| 000 | 00725ata a2200241 4500 | ||
|---|---|---|---|
| 005 | 20160405101139.0 | ||
| 008 | 150318b xxu||||| |||| 00| 0 spa d | ||
| 041 | _aEspañol | ||
| 082 |
_a972.860.1 _bI12m |
||
| 100 |
_aIbarra Rojas, Eugenia _97595 |
||
| 245 | _aLas Manchas del Jaguar : huellas indigenas en la historia de Costa Rica, valle Central siglos XVI-XX | ||
| 260 | _aCosta Rica | ||
| 260 | _bUniversidad de Costa Rica | ||
| 260 | _c2010 | ||
| 300 | _a135 páginas | ||
| 650 |
_aINDIOS DE COSTA RICA _97570 |
||
| 650 |
_aINDÍGENAS _97550 |
||
| 650 |
_aHISTORIA _943 |
||
| 650 |
_aCULTURA INDÍGENA _97596 |
||
| 650 |
_aHISTORIA PRECOLOMBINA _97597 |
||
| 650 |
_aPUEBLOS INDÍGENAS _97598 |
||
| 942 | _cBK | ||
| 999 |
_c1692 _d1692 |
||